Equipos que eliminaron al Real Madrid en Champions League - Estadísticas

Estadísticas generales
  • Esta prueba ha sido intentada 167 veces
  • La puntuación promedio es 27 de 40
Estadísticas de respuestas
Temporada Equipos % Correcto
1960-61 Barcelona
99%
2010-11 Barcelona
99%
2019-20 Manchester City
96%
2022-23 Manchester City
96%
2005-06 Arsenal
95%
2024-25 Arsenal
95%
2020-21 Chelsea
93%
1972-73 Ajax
91%
2018-19 Ajax
91%
1995-96 Juventus
91%
2002-03 Juventus
91%
2004-05 Juventus
91%
2014-15 Juventus
91%
1988-89 AC Milan
89%
1989-90 AC Milan
89%
1980-81 Liverpool
89%
2008-09 Liverpool
89%
1967-68 Manchester United
89%
1975-76 Bayern Munich
82%
1986-87 Bayern Munich
82%
2000-01 Bayern Munich
82%
2006-07 Bayern Munich
82%
2011-12 Bayern Munich
82%
2012-13 Borussia Dortmund
80%
1961-62 Benfica
77%
1964-65 Benfica
77%
2009-10 Olympique de Lyon
68%
1987-88 PSV
68%
2007-08 Roma
68%
2003-04 Mónaco
53%
1963-64 Inter Milan
40%
1966-67 Inter Milan
40%
1979-80 Hamburgo
38%
1976-77 Brujas
20%
1962-63 Anderlecht
16%
1998-99 Dinamo de Kiev
12%
1968-69 Rapid Viena
7%
1990-91 Spartak de Moscú
6%
1978-79 Grasshopper
3%
1969-70 Standard de Lieja
2%
No se encontraron pruebas coincidentes
Distribución de puntuación
Porcentaje de gente con cada puntuación
Porcentaje por número respondido
Historial de tus puntuaciones
No has intentado esta prueba.